Normal view
MARC view
- 12 MAHENO KAY FAYZAYAL-O-AHKAM ISLAM-TWELVE MONTHS FAYZAYAL
Entry Topical Term
001 - CONTROL NUMBER
- control field: 79419
003 - CONTROL NUMBER IDENTIFIER
- control field: NUST
005 - DATE AND TIME OF LATEST TRANSACTION
- control field: 20210628210435.0
008 - FIXED-LENGTH DATA ELEMENTS
- fixed length control field: 210628|| aca||aabn | a|a d
040 ## - CATALOGING SOURCE
- Original cataloging agency: NUST
- Transcribing agency: NUST
150 ## - HEADING--TOPICAL TERM
- Topical term or geographic name entry element: 12 MAHENO KAY FAYZAYAL-O-AHKAM ISLAM-TWELVE MONTHS FAYZAYAL
670 ## - SOURCE DATA FOUND
- Source citation: Work cat.: (NUST): Abdul Karim, Syed. 79418, Bara maheno kay fayzayal-o-ahkam, 1995
